Poslanci schválili komu v roku 1998 udelia Ceny mesta a Čestné občianstvo mesta Košice Mariana a Mariettu Žigalovcov odmenia za skvelé výkony

Bibliographic Details
Main Author: Némethová, Renáta (Author)
Format: Article
Language:Slovak
PhysicalDescription:1 foto
Subjects:

MARC

LEADER 00000nab a2200000 a 4500
001 vtls000897457
003 SK-MaSNL
005 20260302174639.0
008 190925e19980303xo 0 slo
035 |a KE6480 
040 |a KEVKJB  |b slo  |c KEVKJB  |e AACR2 
041 0 |a slo 
044 |a xo  |c SK 
080 |a 352.075.1  |2 1981 
080 |a 331.97  |2 1981 
100 1 |a Némethová, Renáta  |4 aut  |9 826895 
245 1 0 |a Poslanci schválili komu v roku 1998 udelia Ceny mesta a Čestné občianstvo mesta Košice  |b Mariana a Mariettu Žigalovcov odmenia za skvelé výkony 
300 |b 1 foto 
518 |a 1998 
650 0 7 |a mestské zastupiteľstvá  |2 KEVKJB  |9 70169 
650 0 7 |a jednotlivci  |2 KEVKJB  |9 878912 
650 0 7 |a kolektívy  |2 KEVKJB  |9 878913 
650 0 7 |a Čestný občan mesta Košice (titul)  |2 KEVKJB  |9 884746 
650 0 7 |a Cena mesta Košice (ocenenie)  |2 KEVKJB  |9 29669 
650 0 7 |a návrhy  |2 KEVKJB  |9 328104 
650 0 7 |a schválenie  |2 KEVKJB  |9 873516 
651 7 |a Košice (Slovensko)  |2 KEVKJB  |9 18694 
651 7 |a KE,  |2 KEVKJB  |9 877256 
655 7 |a periodikum  |2 snkbucl  |9 29553 
773 0 8 |t Korzár  |g Roč. 1, č.18, 3.3.1998, s. 3 
852 |a ZVYKNI  |b KIS3GCP 
999 |c 1404663  |d 1406593